1930 1753 1562 1434 1397 1314 1063 1657 1281 1320 1377 1855 1301 1588 1138 1554 1751 1920 1481 1252 1362 1928 1618 1661 1237 1804 1589 1400 1237 1606 1336 1445 1467 1401 1719 1827 1220 1506 1339 1737 1147 1191 1198 1627 1580 1813 1393 1004 1622 1809 1059 1421 1389 1118 1093 1304 1396 1977 1087 1030 1837 1584 1099 1089 1994 1061 1533 1333 1409 1651 1306 1743 1451 1296 1322 1206 1169 1388 1379 1991 1376 1425 1534 1832 1209 1445 1437 1216 1907 1428 1839 1388 1425 1276 1253 1175 1318 1538 1358 BCNSPRNW ULIB Ver.6.0+V

เปลี่ยนเป็นภาษาไทย

Change to English
 แสดงรายละเอียดบรรณานุกรม
  กลับหน้าหลัก

Brief Record : Get Marc (ISO 2709) : E-mail record : QR code < ปิดหน้าต่าง
LEADER : 00000nam 2200000uu 4500
001    13399107706
003     ULIB
008    110124s2553||||th 000 0 tha d
020    9786167287195
060 04 WC534^bค695 2553
245 00 คู่มือทักษะการสื่อสารเพื่อดูแลผู้ป่วยไข้เลือดออก /^cศูนย์ฝึกอบรมทักษะการสื่อสาร ฝ่ายกุมารเวชศาสตร์ โรงพยาบาลจุฬาลงกรณ์ ; บรรณาธิการ, ชิษณุ พันธุ์เจริญ, ธันยวีร์ ภูธนกิจ, จรุงจิตร์ งามไพบูลย์
246 14 ทักษะการสื่อสารเพื่อดูแลผู้ป่วยป่วยไข้เลือดออก :^bฉบับพกพา
246 30 ทักษะการสื่อสารเพื่อดูแลผู้ป่วยไข้เลือดออก
260    กรุงเทพฯ :^bธนาเพรส,^c2553
300    103 หน้า ;^c19 ซม.
650  7 การสื่อสารทางการแพทย์^vคู่มือ
650  7  ไข้เลือดออก^xคู่มือ
650  7 ไข้เลือดออก^xการดูแล
700 0  ชิษณุ พันธุ์เจริญ,^eบรรณาธิการ
700 0  ธันยวีร์ ภูธนกิจ,^eบรรณาธิการ
700 0  จรุงจิตร์ งามไพบูลย์,^eบรรณาธิการ
710 2  โรงพยาบาลจุฬาลงกรณ์. ^bฝ่ายกุมารเวชศาสตร์.^bศูนย์ฝึกอบรมทักษะการสื่อสาร
945    ^p90^l0^i029516
945    ^p90^l0^i029514
945    ^p90^l0^i029513
945    ^p90^l0^i029512
945    ^p90^l0^i029511
945    ^p90^l0^i029515
945    ^p90^l0^i029510
995    เกษร
999 ^a ใช้งานได้ทุกระบบ
รายการนี้ยังไม่มีแท็ก
คุณยังไม่ได้ล็อกอิน คุณสามารถมีกิจกรรมร่วมกับเว็บไซต์ได้ แต่ต้องล็อกอินก่อน ::
  ล็อกอิน

รายการสื่อสารสนเทศ

ลำดับที่ ประเภท เลขเรียก/บาร์โค้ด สถานที่ สถานะ
1. วิทยาศาสตร์การแพทย์ และสุขภาพ
หนังสือสำรอง
สถานะ=หนังสือสำรอง
WC534 ค695 2553 ฉ.1 
  Barcode: 029510
ห้องสมุดวิทยาเขตสวรรค์ประชารักษ์
►ส่วนจัดเก็บหนังสือเก่า สปร
บนชั้น
  ขอยืม
2. วิทยาศาสตร์การแพทย์ และสุขภาพ
วิทยาศาสตร์การแพทย์ และสุขภาพ
WC534 ค695 2553 ฉ.2 
  Barcode: 029511
ห้องสมุดวิทยาเขตสวรรค์ประชารักษ์
►ส่วนจัดเก็บหนังสือเก่า สปร
บนชั้น
  ขอยืม
3. วิทยาศาสตร์การแพทย์ และสุขภาพ
วิทยาศาสตร์การแพทย์ และสุขภาพ
WC534 ค695 2553 ฉ.3 
  Barcode: 029512
ห้องสมุดวิทยาเขตสวรรค์ประชารักษ์
►ส่วนจัดเก็บหนังสือเก่า สปร
บนชั้น
  ขอยืม
4. วิทยาศาสตร์การแพทย์ และสุขภาพ
วิทยาศาสตร์การแพทย์ และสุขภาพ
WC534 ค695 2553 ฉ.4 
  Barcode: 029513
ห้องสมุดวิทยาเขตสวรรค์ประชารักษ์
►ส่วนจัดเก็บหนังสือเก่า สปร
บนชั้น
  ขอยืม
5. วิทยาศาสตร์การแพทย์ และสุขภาพ
วิทยาศาสตร์การแพทย์ และสุขภาพ
WC534 ค695 2553 ฉ.5 
  Barcode: 029514
ห้องสมุดวิทยาเขตสวรรค์ประชารักษ์
►ส่วนจัดเก็บหนังสือเก่า สปร
บนชั้น
  ขอยืม
6. วิทยาศาสตร์การแพทย์ และสุขภาพ
วิทยาศาสตร์การแพทย์ และสุขภาพ
WC534 ค695 2553 ฉ.6 
  Barcode: 029515
ห้องสมุดวิทยาเขตสวรรค์ประชารักษ์
►ส่วนจัดเก็บหนังสือเก่า สปร
บนชั้น
  ขอยืม
7. วิทยาศาสตร์การแพทย์ และสุขภาพ
วิทยาศาสตร์การแพทย์ และสุขภาพ
WC534 ค695 2553 ฉ.7 
  Barcode: 029516
ห้องสมุดวิทยาเขตสวรรค์ประชารักษ์
►ส่วนจัดเก็บหนังสือเก่า สปร
บนชั้น
  ขอยืม

BibComment


ยังไม่เคยถูกคอมเมนท์

คอมเมนท์ทรัพยากรรายการนี้
  คอมเมนท์: คู่มือทักษะการสื่..


 Copyright 2026. Bcnsprnw @Library